000 00858nam a2200265Ia 4500
003 OSt
005 20221002044012.0
006 a|||||r|||| 00| 0
007 ta
008 220930b |||||||| |||| 00| 0 eng d
020 _a8173052018
_c3400
024 _a83143
037 _b9348, 30/03/2005, Aryan Books International
_cReference Collections
040 _aCRL
_cCRL
_beng
041 _2eng
_aeng
082 _aNQ4437, P1(RR)
100 _aCimino Rosa Maria
_9568919
245 0 _aWall paintings of Rajasthan (Amber and Jaipur)
260 _aNew Delhi
_bAryan Books International
_c2004
300 _a260p.
_ccm.
650 _a ARTS
650 _aINDIAN PAINTING - RAJASTHAN
_9568920
942 _hNQ4437, P1(RR)
_cref
_2CC
999 _c909368
_d909368